000 00626nam a2200241Ia 4500
003 OSt
005 20221005082414.0
006 a|||||r|||| 00| 0
007 ta
008 221004b |||||||| |||| 00| 0 eng d
024 _a27104
037 _cTextual
040 _aCRL
_cCRL
_beng
041 _2eng
_aeng
082 _az2jN27, M9
100 _aJoshi Rasik Vihari
245 0 _aStudies in indology Ed by A Kumar and others
260 _aNew Delhi
_bShree
_c1989
300 _a375p
_ccm.
650 _aGENERALIA
942 _hz2jN27, M9
_cTEXL
_2cc
999 _c989259
_d989259